[Event "Drienica Saris op"]
[Site "Drienica"]
[Date "2020.08.10"]
[Round "4"]
[White "Kucera, Michal"]
[Black "Striskova, Lucia"]
[Result "0-1"]
[WhiteElo "2007"]
[BlackElo "1706"]
[PlyCount "94"]
[EventDate "2020.08.07"]
[EventType "swiss"]
[EventRounds "9"]
[EventCountry "SVK"]
[SourceTitle "CBM 197 Extra"]
[Source "ChessBase"]
[SourceDate "2020.09.30"]
[SourceVersion "1"]
[SourceVersionDate "2020.09.30"]
[SourceQuality "1"]

1. e4 e5 2. Nf3 Nc6 3. Bb5 Nf6 4. 0-0 Nxe4 5. d4 Nd6 6. Bxc6 dxc6 7. dxe5 Nf5 8. Qxd8+ Kxd8 9. Nc3 Ke8 10. h3 Be7 11. Bf4 h5 12. Ne4 Be6 13. Rfd1 Rd8 14. Rxd8+ Kxd8 15. Nfg5 Rh6 16. Nxe6+ Rxe6 17. Rd1+ Kc8 18. Bh2 f6 19. f4 fxe5 20. fxe5 Ne3 21. Rd3 Nc4 22. Nd2 Nxe5 23. Bxe5 Rxe5 24. Kf2 Bf6 25. Nf3 Ra5 26. Ra3 Rxa3 27. bxa3 a5 28. a4 b5 29. Ke3 Kd7 30. Ke4 Ke6 31. g4 hxg4 32. hxg4 Kd6 33. Ne1 Kc5 34. Nd3+ Kc4 35. Ne5+ Kc3 36. Nxc6 bxa4 37. Nxa5 Kxc2 38. Nc4 Kb1 39. Kd3 Kxa2 40. Kc2 g6 41. Ne3 Ka3 42. Nd5 Be5 43. Ne7 g5 44. Nc6 Bf6 45. Nb8 Kb4 46. Nd7 Bg7 47. Kb1 c5 0-1

[Event "Tatry op"]
[Site "Tatranske Zruby"]
[Date "2018.10.05"]
[Round "7"]
[White "Pniaczek, Marek"]
[Black "Kucera, Michal"]
[Result "1-0"]
[WhiteElo "2234"]
[BlackElo "1928"]
[PlyCount "59"]
[EventDate "2018.09.30"]
[EventType "swiss"]
[EventRounds "9"]
[EventCountry "SVK"]
[SourceTitle "CBM 186 Extra"]
[Source "ChessBase"]
[SourceDate "2018.08.24"]
[SourceVersion "1"]
[SourceVersionDate "2018.08.24"]
[SourceQuality "1"]

1. e4 c5 2. Nf3 Nc6 3. Bb5 g6 4. 0-0 Bg7 5. Re1 Nf6 6. e5 Nd5 7. Nc3 Nc7 8. Bxc6 bxc6 9. Ne4 Ne6 10. d3 0-0 11. Be3 d6 12. Qd2 f5 13. exf6 exf6 14. Bh6 d5 15. Bxg7 Kxg7 16. Ng3 Rb8 17. b3 Rb7 18. h4 Nd4 19. Nxd4 cxd4 20. Ne2 c5 21. Nf4 Qd6 22. Re2 Rbf7 23. Rae1 Bf5 24. g3 h6 25. Ne6+ Bxe6 26. Rxe6 Qc7 27. h5 g5 28. Qe2 f5 29. Rg6+ Kh7 30. Qe6 1-0

[Event "Valasska Bystrice op"]
[Site "Valasska Bystrice"]
[Date "2017.09.10"]
[Round "2"]
[White "Kucera, Michal"]
[Black "Karlik, Vladimir"]
[Result "0-1"]
[WhiteElo "1910"]
[BlackElo "2231"]
[PlyCount "76"]
[EventDate "2017.09.09"]
[EventType "swiss"]
[EventRounds "9"]
[EventCountry "CZE"]
[SourceTitle "CBM 180 Extra"]
[Source "ChessBase"]
[SourceDate "2017.10.06"]
[SourceVersion "1"]
[SourceVersionDate "2017.10.06"]
[SourceQuality "1"]

1. e4 g6 2. d4 Bg7 3. Nc3 c6 4. f4 d5 5. e5 Nh6 6. Nf3 Bg4 7. Be2 f6 8. Be3 Nf5 9. Bf2 0-0 10. h3 Bxf3 11. Bxf3 fxe5 12. fxe5 e6 13. 0-0 c5 14. dxc5 Nc6 15. Qe1 Nxe5 16. Bg4 h5 17. Bxf5 Rxf5 18. Bh4 Rxf1+ 19. Kxf1 Qf8+ 20. Qf2 Nc4 21. Re1 Bd4 22. Qxf8+ Rxf8+ 23. Ke2 Bxc5 24. Na4 Bd6 25. b3 Ne5 26. Rf1 Rxf1 27. Kxf1 Nc6 28. c3 Kf7 29. Ke2 e5 30. Bf2 Ke6 31. Bc5 b5 32. Bxd6 Kxd6 33. Nb2 e4 34. Nd1 Ke5 35. g3 b4 36. cxb4 Nxb4 37. a4 d4 38. Nb2 d3+ 0-1

[Event "Banska Stiavnica V4 op"]
[Site "Banska Stiavnica"]
[Date "2017.07.16"]
[Round "9"]
[White "Kucera, Michal"]
[Black "Szczurek, Krzysztof"]
[Result "0-1"]
[WhiteElo "1904"]
[BlackElo "2070"]
[PlyCount "120"]
[EventDate "2017.07.08"]
[EventType "swiss"]
[EventRounds "9"]
[EventCountry "SVK"]
[SourceTitle "CBM 179 Extra"]
[Source "ChessBase"]
[SourceDate "2017.08.23"]
[SourceVersion "1"]
[SourceVersionDate "2017.08.23"]
[SourceQuality "1"]

1. e4 c5 2. Nf3 d6 3. d4 cxd4 4. Nxd4 Nf6 5. Nc3 a6 6. Be3 e5 7. Nb3 Be7 8. f3 Be6 9. Qd2 Nbd7 10. 0-0-0 0-0 11. g4 Qc7 12. Kb1 b5 13. Nd5 Bxd5 14. exd5 Nb6 15. Bxb6 Qxb6 16. Na5 Nxd5 17. Qxd5 Qxa5 18. h4 Qc7 19. g5 Rac8 20. Bd3 Qc6 21. Qb3 d5 22. Bf5 Rcd8 23. Rde1 g6 24. Bd3 Qc7 25. Reg1 Qc5 26. h5 Qb4 27. Qxb4 Bxb4 28. a4 d4 29. Rh3 Rd7 30. axb5 axb5 31. Be4 Bd2 32. Rg2 Bf4 33. Bc6 Rc7 34. Bd5 Rd8 35. Be4 Rd6 36. hxg6 fxg6 37. Rg1 Be3 38. Rgh1 Bxg5 39. Rd1 Ra7 40. c3 Rad7 41. cxd4 exd4 42. Kc2 Ra7 43. Kb3 Be3 44. Bd3 Kg7 45. Kb4 Rd5 46. Be4 Re5 47. Rdh1 h5 48. Rg3 Ra6 49. Rg2 Rd6 50. Bd3 Bf4 51. Ra1 Re3 52. Ra7+ Kh6 53. Bxb5 d3 54. Rd7 Re2 55. Rxe2 Rxd7 56. Re4 d2 57. Be2 Kg5 58. Bd1 h4 59. Kc4 h3 60. Re8 Rh7 0-1

[Event "Banska Stiavnica V4 op"]
[Site "Banska Stiavnica"]
[Date "2017.07.08"]
[Round "1"]
[White "Kucera, Michal"]
[Black "Zvarik, Martin"]
[Result "0-1"]
[WhiteElo "1904"]
[BlackElo "2261"]
[PlyCount "80"]
[EventDate "2017.07.08"]
[EventType "swiss"]
[EventRounds "9"]
[EventCountry "SVK"]
[SourceTitle "CBM 179 Extra"]
[Source "ChessBase"]
[SourceDate "2017.08.23"]
[SourceVersion "1"]
[SourceVersionDate "2017.08.23"]
[SourceQuality "1"]

1. e4 e5 2. Nf3 Nc6 3. Bb5 a6 4. Ba4 d6 5. c3 f5 6. exf5 Bxf5 7. 0-0 Bd3 8. Re1 Be7 9. Qb3 b5 10. Qd5 Qd7 11. Qxd3 bxa4 12. Qc2 Nf6 13. d4 e4 14. Ng5 d5 15. Nd2 Ng4 16. Nf1 0-0 17. Re2 Nd8 18. h3 Nf6 19. h4 h6 20. Nh3 Nh5 21. Ng3 Qg4 22. Nxh5 Qxh5 23. Nf4 Qf5 24. g3 Bd6 25. Be3 g5 26. Ng2 Qg4 27. Rae1 c6 28. Qxa4 Ra7 29. c4 Rf3 30. h5 Raf7 31. cxd5 Qxh5 32. dxc6 Ne6 33. Qc4 Rxg3 34. fxg3 Bxg3 35. Nf4 gxf4 36. Qxe6 fxe3 37. Rg2 Qf3 38. Qg6+ Rg7 39. Qe6+ Kh7 40. Rf1 Bh2+ 0-1